ZWIERZĘTA na literę E - Statystyki

Ogólne statystyki
  • Ten quiz został rozwiązany 185 razy
  • Średni wynik to 2 z 5
Statystyki odpowiedzi
Obrazkowy Odpowiedź % Poprawnych
Emu zwyczajne
100%
Eskulapa
45%
Eland zwyczajny
27%
Edredon zwyczajny
21%
Efa piaskowa
14%
Nie znaleziono quizów pasujących do podanych kryteriów
Rozkład punktacji
Procent ludzi z każdym wynikiem
Percentyl według liczby udzielonych odpowiedzi
Twoja historia wyników
Nie rozwiązałeś tego quizu